La variable color o raza en los censos demográficos brasileños (Registro nro. 33370)
[ vista simple ]
| 000 -LEADER | |
|---|---|
| fixed length control field | 00357 a2200109 4500 |
| 001 - CONTROL NUMBER | |
| control field | ART_44811 |
| 005 - DATE AND TIME OF LATEST TRANSACTION | |
| control field | 20260410162024.0 |
| 008 - FIXED-LENGTH DATA ELEMENTS--GENERAL INFORMATION | |
| fixed length control field | 260409a |
| 100 1# - MAIN ENTRY--PERSONAL NAME | |
| Personal name | Paixao, Marcelo |
| 245 10 - TITLE STATEMENT | |
| Title | La variable color o raza en los censos demográficos brasileños |
| 773 0# - HOST ITEM ENTRY | |
| Title | Notas de población |
| Related parts | - Año XXXVI, Nº 89 (jul./dic. 2009) |
| Record control number | REV41841 |
No hay ítems disponibles.